| 000 | 00773nam a22002537a 4500 | ||
|---|---|---|---|
| 003 | PK-NaQUE | ||
| 005 | 20260520140834.0 | ||
| 008 | 260520b |||||||| |||| 00| 0 eng d | ||
| 020 | _a052118939X (paperback) | ||
| 020 | _a9780521189392 (paperback) | ||
| 040 | _cQUEST | ||
| 082 | _a428.24MUR | ||
| 100 | _aMurphy, Raymond. | ||
| 245 | _aEnglish Grammar in Use : a self-study reference and practice book for Intermediate liners of English | ||
| 250 | _a4th edition | ||
| 260 |
_aCambridge: _bCambridge University Press, _c2012. |
||
| 300 | _a380p. ; | ||
| 650 | _a English language | ||
| 650 | _aFormation | ||
| 650 | _aGrammar | ||
| 650 | _aProblems, exercises | ||
| 856 |
_uhttp://10.10.170.122:8080/browse/book/497 _yDownload eBook |
||
| 942 |
_cBK _2ddc |
||
| 999 |
_c58035 _d58032 |
||